Loading...
Fine Arts - Visual Fine Arts | 0 | 7 | 1 | 1 | 65 | 46 | 104.43 | 3 | 7 |
Literature - American Literature | 0 | 6 | 1 | 0 | 55 | 74 | 107.50 | 3 | 6 |
Fine Arts - Other Fine Arts | 1 | 4 | 0 | 0 | 55 | 48 | 102.00 | 3 | 5 |
Literature - World Literature | 0 | 6 | 1 | 1 | 55 | 80 | 105.33 | 1 | 6 |
Literature - European Literature | 1 | 4 | 2 | 0 | 45 | 77 | 112.60 | 1 | 5 |
Fine Arts - Auditory Fine Arts | 0 | 4 | 0 | 1 | 40 | 115 | 129.75 | 0 | 4 |
Science - Physics | 1 | 2 | 0 | 1 | 35 | 52 | 78.33 | 1 | 3 |
Science - Biology | 0 | 3 | 1 | 3 | 25 | 114 | 117.33 | 0 | 3 |
Science - Chemistry | 0 | 2 | 0 | 1 | 20 | 76 | 102.50 | 0 | 2 |
Literature - British Literature | 1 | 1 | 1 | 0 | 20 | 64 | 83.00 | 1 | 2 |
Current Events | 0 | 1 | 0 | 0 | 10 | 69 | 69.00 | 0 | 1 |
History - Other History | 0 | 2 | 2 | 0 | 10 | 67 | 73.50 | 2 | 2 |
Mythology | 0 | 2 | 2 | 0 | 10 | 126 | 133.50 | 1 | 2 |
Philosophy | 0 | 2 | 2 | 2 | 10 | 137 | 141.50 | 0 | 2 |
Religion | 0 | 1 | 1 | 0 | 5 | 104 | 104.00 | 0 | 1 |
History - European History | 0 | 1 | 1 | 1 | 5 | 128 | 128.00 | 0 | 1 |
Science - Other Science | 0 | 1 | 1 | 0 | 5 | 89 | 89.00 | 0 | 1 |
Social Science | 0 | 1 | 1 | 0 | 5 | 81 | 81.00 | 1 | 1 |
History - American History | 0 | 0 | 0 | 0 | 0 | 0.00 | 0 | 0 | |
Mythology- Edited | 0 | 0 | 1 | 0 | -5 | 0.00 | 0 | 0 |